| 000 | 00947nam a2200301 4500 | ||
|---|---|---|---|
| 003 | OSt | ||
| 005 | 20260530113858.0 | ||
| 008 | 260508b2003 nyua|||| |||| 00| 0 eng d | ||
| 020 | _a1581153023 | ||
| 040 |
_aICI _bspa _cICI |
||
| 041 | _aeng | ||
| 050 | 1 | 4 |
_aZ253.5 _bW48 2003 |
| 100 | 1 |
_aWhite, Jan V., _931975 |
|
| 245 | 1 | 0 |
_aEditing by design : _bfor designers, art directors, and editors the classic guide to winning readers / _cJan V. White. |
| 264 | 1 |
_aNew York : _b Allworth, _c2003. |
|
| 300 |
_a247 páginas _c28cm. |
||
| 336 |
_atexto _2rdacontent |
||
| 337 |
_asin medio _2rdamedia |
||
| 338 |
_avolumen _2rdacarrier |
||
| 650 | 0 |
_aDiseño editorial. _931976 |
|
| 650 | 0 |
_aEdición de publicaciones. _931977 |
|
| 650 | 0 |
_aDiseño gráfico. _918020 |
|
| 650 | 0 |
_aTipografía. _931978 |
|
| 650 | 0 |
_aMaquetación. _931979 |
|
| 650 | 0 |
_aComunicación visual. _931980 |
|
| 650 | 0 |
_aPublicaciones _xDiseño. _931981 |
|
| 942 |
_2lcc _cBK _n1 |
||
| 999 |
_c11701 _d11701 |
||